000 00384nam a22001577a 4500
003 MPLRDC
005 20220104114348.0
008 210129b ||||| |||| 00| 0 eng d
082 _a831.4 LJJ v.3
100 _a陆家骥
245 _a唐诗故事七古编
_c
260 _a台湾
_b新风文化事业公司
_c
300 _b330
650 _a唐诗总集
942 _cBK
_o831.4 LJJ v.3
999 _c6890
_d6880